00509nam a2200205 a 4500001001300000003000900013005001700022008004100039020000900080082001500089100002000104245003000124260004000154300000900194500003500203505001000238650001300248650002200261700002000283nice12345678IN_TiNIC20260116013544.0050524s1996 dela grp 000 0 eng  ac4000a923.2bGOD aGodse, Nathuram aMay It Please Your Honour aDelhibSurya Bharti Prakashanc1996 a164p aincludes index and biblioraphy2 aIndex aHindutva aGandhi M K-Murder1 aGodse, Nathuram